„Mióta megvan a kislányom, megtanultam nyolc óra alatt tizenkettőt dolgozni" ismerjétek meg Juhászné Csapó Edit vegyészt /

Elmentve itt :
Bibliográfiai részletek
Szerző: Filákovity Radojka
Dokumentumtípus: Cikk
Megjelent: 2022-12-17
Sorozat:Wmn.hu
Kulcsszavak:Csapó Edit - egyetemi adjunktus - tudományos főmunkatárs - csoportvezető, MTA-SZTE Biomimetikus Rendszerek Kutatócsoport, Lendület Nemesfém Nanoszerkezetek Kutatócsoport, Fizikai Kémiai és Anyagtudományi Tanszék, Kémiai Intézet, Természettudományi és Informatikai Kar - TTIK, Interjú
Online Access:http://univ.bibl.u-szeged.hu/64721
LEADER 01072nab a2200169 i 4500
001 univ64721
005 20221221183829.0
008 221221s2022 hu o 0|| hun d
040 |a SZTE UnivHistória Repozitórium  |b hun 
041 |a hun 
100 1 |a Filákovity Radojka 
245 1 0 |a „Mióta megvan a kislányom, megtanultam nyolc óra alatt tizenkettőt dolgozni"   |h [elektronikus dokumentum] :  |b ismerjétek meg Juhászné Csapó Edit vegyészt /  |c  Filákovity Radojka 
260 |c 2022-12-17 
490 0 |a Wmn.hu 
561 |a Egyetemi hirarchívum 
695 |a Csapó Edit - egyetemi adjunktus - tudományos főmunkatárs - csoportvezető, MTA-SZTE Biomimetikus Rendszerek Kutatócsoport, Lendület Nemesfém Nanoszerkezetek Kutatócsoport, Fizikai Kémiai és Anyagtudományi Tanszék, Kémiai Intézet, Természettudományi és Informatikai Kar - TTIK, Interjú 
856 4 0 |u http://univ.bibl.u-szeged.hu/64721/1/%E2%80%9EMi%C3%B3ta%20megvan%20a%20kisl%C3%A1nyom%2C%20megtanultam%20nyolc%20%C3%B3ra%20alatt%20tizenkett%C5%91t%20dolgozni%E2%80%9D%20-%20WMN.pdf  |z Dokumentum-elérés